000 00761nam a2200229 a 4500
001 49052
003 BD-RjUL
005 20211209054628.0
008 160817s1975 b ||||| |||| 00| 0 eng d
020 _c : Tk.7.00
035 _a(BD-RjUL)49171
040 _aBD-RjUL
_bben
_cBD-RjUL
041 _aben
082 _223
_a891.441
_bCHT 1975
100 1 _aচৌধুরী, আসাদ
_9145846
245 1 0 _aতবক দেওয়া পান /
_cআসাদ চৌধুরী.
260 _aঢাকা :
_bফরহাদ আলী,
_c১৯৭৫
300 _a৬৪ পৃ ;
_c২২ সেমি
650 _aবাঙালি সাহিত্য
_vকবিতা
_9147092
650 _aBangali Literature
_vPoetry
_9145103
942 _2ddc
_cBK
999 _c49052
_d49052